Current global recession (Record no. 9292)
[ view plain ]
| 000 -LEADER | |
|---|---|
| fixed length control field | 01381nam a2200157Ia 4500 |
| 020 ## - INTERNATIONAL STANDARD BOOK NUMBER | |
| ISBN | 9781786351586 |
| 082 ## - DEWEY DECIMAL CLASSIFICATION NUMBER | |
| Classification number | 337 |
| Item number | PRA-C |
| 100 ## - MAIN ENTRY--AUTHOR NAME | |
| Personal name | Prabhakar, Akhilesh Chandra |
| 245 ## - TITLE STATEMENT | |
| Title | Current global recession |
| Sub Title | :a theoretical and empirical investigation into developed and BRICS economies |
| 260 ## - PUBLICATION, DISTRIBUTION, ETC. (IMPRINT) | |
| Place of publication | UK |
| Name of publisher | Emerald |
| Year of publication | 2017 |
| 300 ## - PHYSICAL DESCRIPTION | |
| Number of Pages | xxiii, 430p |
| 504 ## - BIBLIOGRAPHY, ETC. NOTE | |
| Bibliography, etc | Included bibliography and index |
| 520 ## - SUMMARY, ETC. | |
| Summary, etc | This generation's economic crisis has truly global reach, with repercussions reverberating throughout nations and across societies. Prabhakar investigates the world-wide depression, using empirical understanding and new data sets on indicator and policy variables. He focuses on: the overall causes of this crisis and the failures of mainstream economics; analyzes the rising tide of poverty and social inequality resulting from the depression; examines the relationship between the economic crisis and economic systems; studies the evolution of the global monetary system and history of central banking; and delves into BRICS with a particular focus on China and India, as well as Europe and the United States. This applicable work should be used to understand and study the true global reach of this crisis, and the effect on economic policy and society as a whole. |
| 650 ## - SUBJECT ADDED ENTRY--TOPICAL TERM | |
| Topical Term | Global Financial Crisis |
| Form subdivision | Recession |
| -- | Economic history |
| -- | Macro economics |
| 942 ## - ADDED ENTRY ELEMENTS (KOHA) | |
| Koha item type | Books |
| Source of classification or shelving scheme | Dewey Decimal Classification |
| Withdrawn status | Lost status | Damaged status | Not for loan | Home library | Current library | Date acquired | Source of acquisition | Bill Date | Full call number | Accession Number | Price effective from | Koha item type |
|---|---|---|---|---|---|---|---|---|---|---|---|---|
| NASSDOC Library | NASSDOC Library | 23/03/2018 | OP | 2018-02-28 | 337 PRA-C | 49814 | 18/04/2019 | Books |
